Felipe Pardo y Aliaga / (Record no. 22703)
[ view plain ]
| 000 -CABECERA | |
|---|---|
| campo de control de longitud fija | 00688nam a2200217 a 4500 |
| 001 - NÚMERO DE CONTROL | |
| campo de control | 000023206 |
| 005 - FECHA Y HORA DE LA ÚLTIMA TRANSACCIÓN | |
| campo de control | 20200930022046.0 |
| 008 - DATOS DE LONGITUD FIJA--INFORMACIÓN GENERAL | |
| campo de control de longitud fija | 101130s1995 pe ac r 000 0 spa d |
| 020 ## - NÚMERO INTERNACIONAL ESTÁNDAR DEL LIBRO | |
| Número Internacional Estándar del Libro | 848389615X |
| 040 ## - FUENTE DE LA CATALOGACIÓN | |
| Centro catalogador/agencia de origen | DO-SdBNP |
| Lengua de catalogación | spa |
| Centro/agencia transcriptor | BNPHU |
| 082 ## - NÚMERO DE LA CLASIFICACIÓN DECIMAL DEWEY | |
| Número de clasificación | 920.5 |
| Número de documento/Ítem | F315V |
| 049 ## - FONDOS LOCALES (OCLC) | |
| Fondos de biblioteca | BNGR |
| 100 1# - ENTRADA PRINCIPAL--NOMBRE DE PERSONA | |
| Nombre de persona | Varillas Montenegro, Alberto, |
| Fechas asociadas al nombre | 1934- |
| 9 (RLIN) | 47773 |
| 245 10 - MENCIÓN DE TÍTULO | |
| Título | Felipe Pardo y Aliaga / |
| Mención de responsabilidad, etc. | Alberto Varillas Montenegro. |
| 260 ## - PUBLICACIÓN, DISTRIBUCIÓN, ETC. | |
| Lugar de publicación, distribución, etc. | Lima, Perú : |
| Nombre del editor, distribuidor, etc. | Brasa, |
| Fecha de publicación, distribución, etc. | 1995. |
| 300 ## - DESCRIPCIÓN FÍSICA | |
| Extensión | 124, [4] p. : |
| Otras características físicas | il., retrs. ; |
| Dimensiones | 21 cm. |
| 490 1# - MENCIÓN DE SERIE | |
| Mención de serie | Forjadores del Perú |
| Designación de volumen o secuencia | 15 |
| 600 10 - PUNTO DE ACCESO ADICIONAL DE MATERIA--NOMBRE DE PERSONA | |
| Nombre de persona | PARDO ALIAGA, FELIPE |
| Fechas asociadas al nombre | 1806-1868 |
| 9 (RLIN) | 47774 |
| 650 #4 - PUNTO DE ACCESO ADICIONAL DE MATERIA--TÉRMINO DE MATERIA | |
| Término de materia o nombre geográfico como elemento de entrada | Periodista |
| Subdivisión geográfica | Perú |
| 9 (RLIN) | 47775 |
| 830 #0 - PUNTO DE ACCESO ADICIONAL DE SERIE-TÍTULO UNIFORME | |
| Título uniforme | Forjadores del Perú ; |
| Designación de volumen o secuencia | 15 |
| 9 (RLIN) | 32959 |
No items available.
